[Event "DEM U10 2011"]
[Site "Oberhof GER"]
[Date "2011.06.17"]
[Round "10"]
[White "Meyling, Lennart"]
[Black "Schmidek, Emil"]
[Result "0-1"]
[Termination "normal"]
[Board "5"]
[WhiteElo "1071"]
[BlackElo "1719"]
[PlyCount "140"]
[WhiteFideId "12947130"]
[BlackFideId "12908150"]
[EventCountry "GER"]
[EventRounds "11"]
[EventType "swiss"]
[EventDate "2011.06.11"]

1. e4 e5 2. Nf3 Nc6 3. d4 exd4 4. Bc4 Nf6 5. O-O Bc5 6. Bg5 Be7 7. Re1 O-O 8.
Nxd4 Nxd4 9. Qxd4 d6 10. Nc3 Ne8 11. Bxe7 Qxe7 12. Nd5 Qd7 13. Re3 c6 14. Nc3
Qc7 15. h3 Kh8 16. Rae1 a6 17. e5 d5 18. Bd3 Be6 19. Qb4 c5 20. Qh4 g6 21. Rf3
Qd8 22. Qh6 Rg8 23. Ne2 Nc7 24. Ng3 b5 25. Rd1 Qf8 26. Qxf8 Rgxf8 27. Re1 Kg7
28. c3 Rfd8 29. Ne2 Rac8 30. Rc1 Na8 31. Rf4 Nb6 32. b3 Nd7 33. g4 Nxe5 34. Bb1
Rc7 35. Kg2 g5 36. Rf3 Nxf3 37. Kxf3 Rdd7 38. Ng3 Rd8 39. Nh5+ Kh8 40. Rd1 Rcc8
41. Bf5 Bxf5 42. gxf5 h6 43. Nf6 d4 44. c4 bxc4 45. bxc4 Kg7 46. Nh5+ Kf8 47.
Ke4 Rb8 48. Rd2 Rb4 49. Kd3 Ra4 50. Nf6 Ra3+ 51. Ke4 Rc3 52. Ng4 Rxc4 53. Nxh6
f6 54. Ng4 Kf7 55. Nh6+ Kg7 56. Ng4 d3+ 57. Ke3 Rc2 58. Rd1 c4 59. Rb1 Rd7 60.
Rb6 d2 61. Rxf6 Re7+ 62. Re6 Rxe6+ 63. fxe6 d1=Q 64. a4 Re2+ 65. Kf3 Rxe6+ 66.
Kg2 c3 67. a5 c2 68. h4 c1=Q 69. f3 Qg1+ 70. Kh3 Qcf1# 0-1

[Event "DEM U10 2011"]
[Site "Oberhof GER"]
[Date "2011.06.17"]
[Round "10"]
[White "Wierzbicki, Jirawat"]
[Black "Poghosyan, Tigran"]
[Result "0-1"]
[Termination "normal"]
[Board "6"]
[WhiteElo "1405"]
[BlackElo "1685"]
[PlyCount "98"]
[WhiteFideId "1153579"]
[BlackFideId "12909319"]
[EventCountry "GER"]
[EventRounds "11"]
[EventType "swiss"]
[EventDate "2011.06.11"]

1. e4 c5 2. Nf3 d6 3. d4 cxd4 4. Nxd4 e5 5. Nb5 a6 6. N5c3 Be6 7. Be2 Nf6 8.
Bg5 Be7 9. Qd2 Nc6 10. O-O h6 11. Be3 d5 12. exd5 Nxd5 13. Nxd5 Qxd5 14. Rd1
Qxd2 15. Nxd2 Nb4 16. c3 Nc2 17. Rac1 Nxe3 18. fxe3 Bc5 19. Kf2 Ke7 20. a3 f5
21. Nf1 Bb3 22. Rd3 Rad8 23. Rxd8 Rxd8 24. Ke1 g5 25. Ng3 Kf6 26. Nf1 Rd7 27.
c4 a5 28. Rc3 Ba4 29. Bf3 e4 30. Be2 Bd6 31. h3 Be5 32. Rc1 Bxb2 33. Rb1 Bxa3
34. Ra1 Bb4+ 35. Kf2 Bc6 36. g3 b6 37. Nh2 Rd2 38. g4 b5 39. gxf5 bxc4 40. Ng4+
Kxf5 41. Nxh6+ Kg6 42. Ng4 Bb5 43. Kf1 Rc2 44. Rd1 Rd2 45. Rc1 a4 46. Rb1 a3
47. Ne5+ Kf5 48. Bxc4 Bxc4+ 49. Nxc4 Rh2 0-1

[Event "DEM U10 2011"]
[Site "Oberhof GER"]
[Date "2011.06.17"]
[Round "10"]
[White "Savchenko, Daniel"]
[Black "Sahki, Saphir"]
[Result "0-1"]
[Termination "normal"]
[Board "7"]
[WhiteElo "1411"]
[BlackElo "1597"]
[PlyCount "104"]
[WhiteFideId "12919195"]
[BlackFideId "26028450"]
[EventCountry "GER"]
[EventRounds "11"]
[EventType "swiss"]
[EventDate "2011.06.11"]

1. e4 c5 2. Nf3 Nc6 3. d4 cxd4 4. Nxd4 Nf6 5. Nc3 e6 6. Ndb5 a6 7. Nd6+ Bxd6 8.
Qxd6 h6 9. f3 Qe7 10. e5 Qxd6 11. exd6 O-O 12. Be3 Ne8 13. O-O-O b5 14. Bd3 Bb7
15. Ne4 Nb4 16. Nc5 Bc6 17. Be4 Nf6 18. a3 Nbd5 19. Bd2 Rfc8 20. Bd3 Ne8 21.
Ne4 f5 22. Nc3 Nxd6 23. Be2 Nf7 24. Rhg1 Nf6 25. g4 fxg4 26. fxg4 Ne4 27. Nxe4
Bxe4 28. Bc3 Rc7 29. Rd4 d5 30. Rdd1 Rb8 31. Bd3 Bxd3 32. Rxd3 Rbc8 33. Re1 Rc6
34. Re2 Ng5 35. h4 Ne4 36. Be5 Rc4 37. Rg2 Rf8 38. g5 hxg5 39. hxg5 Rf5 40. Bh2
Rxg5 41. Rxg5 Nxg5 42. Be5 Re4 43. Bc3 Rf4 44. Rg3 Rf5 45. Re3 Ne4 46. Bb4 Rf1+
47. Be1 g5 48. Kd1 Rg1 49. Ke2 Rg2+ 50. Kd3 e5 51. b3 Nc5+ 52. Kc3 d4+ 0-1

[Event "DEM U10 2011"]
[Site "Oberhof GER"]
[Date "2011.06.17"]
[Round "10"]
[White "Reimann, Sebastian"]
[Black "Mantel, Ruben"]
[Result "1-0"]
[Termination "normal"]
[Board "8"]
[WhiteElo "1442"]
[BlackElo "1437"]
[PlyCount "47"]
[WhiteFideId "12928054"]
[BlackFideId "12930121"]
[EventCountry "GER"]
[EventRounds "11"]
[EventType "swiss"]
[EventDate "2011.06.11"]

1. e4 c5 2. Nf3 Nc6 3. d4 cxd4 4. Nxd4 g6 5. Nc3 Bg7 6. Be3 Nf6 7. Be2 O-O 8.
O-O d5 9. exd5 Nxd5 10. Nxd5 Qxd5 11. Nxc6 Qxc6 12. c3 Bf5 13. Qb3 Rfd8 14.
Rfd1 b6 15. a3 Rac8 16. Ba6 Rb8 17. Bb5 Qe6 18. Qxe6 Bxe6 19. Bf4 Rbc8 20. Ba6
Rxd1+ 21. Rxd1 Rc5 22. Rd8+ Bf8 23. Bh6 Rd5 24. Rxf8# 1-0

[Event "DEM U10 2011"]
[Site "Oberhof GER"]
[Date "2011.06.17"]
[Round "10"]
[White "Laubrock, Paul"]
[Black "Stein, Robert"]
[Result "1-0"]
[Termination "normal"]
[Board "9"]
[WhiteElo "1546"]
[BlackElo "1292"]
[PlyCount "75"]
[WhiteFideId "1270509"]
[BlackFideId "12921084"]
[EventCountry "GER"]
[EventRounds "11"]
[EventType "swiss"]
[EventDate "2011.06.11"]

1. e4 e5 2. Bc4 Nc6 3. Nc3 Nf6 4. d3 Be7 5. f4 d6 6. Nf3 Bg4 7. h3 Bd7 8. O-O
O-O 9. f5 Na5 10. Bb3 Nxb3 11. axb3 c6 12. g4 h6 13. g5 hxg5 14. Nxg5 d5 15.
Qf3 d4 16. Ne2 Nh7 17. Nxh7 Kxh7 18. Qh5+ Kg8 19. Rf2 f6 20. Bh6 Rf7 21. Rg2
Bf8 22. Kh2 Qe7 23. Rag1 Rc8 24. Rg4 Rc7 25. Rh4 Qe8 26. Bg5 Re7 27. Qh7+ Kf7
28. Qg6+ Kg8 29. Bxf6 Qxg6 30. Rxg6 Re8 31. Rhg4 Bc8 32. Ng3 Kh7 33. Nh5 c5 34.
Nxg7 Bxg7 35. Bxg7 Ree7 36. Rh6+ Kg8 37. Bxe5+ Kf8 38. Rh8+ 1-0

[Event "DEM U10 2011"]
[Site "Oberhof GER"]
[Date "2011.06.17"]
[Round "10"]
[White "Keymer, Vincent"]
[Black "Kölz, Niklas"]
[Result "0-1"]
[Termination "normal"]
[Board "10"]
[WhiteElo "1192"]
[BlackElo "1479"]
[PlyCount "122"]
[WhiteFideId "12940690"]
[BlackFideId "12971758"]
[EventCountry "GER"]
[EventRounds "11"]
[EventType "swiss"]
[EventDate "2011.06.11"]

1. d4 e6 2. c4 f5 3. Bf4 Nf6 4. e3 d5 5. Nc3 Bb4 6. a3 Bxc3+ 7. bxc3 O-O 8. Nf3
Nbd7 9. cxd5 Nxd5 10. Bc4 N7f6 11. Qb3 Nxf4 12. exf4 Nd5 13. Bxd5 exd5 14. O-O
b6 15. Ne5 Bb7 16. Rab1 Qh4 17. Nd3 Kh8 18. g3 Qd8 19. Ne5 g5 20. fxg5 Qxg5 21.
Nd7 Rf7 22. Ne5 Rg7 23. f4 Qf6 24. Nd3 Ba6 25. Rfd1 Bxd3 26. Rxd3 Qd6 27. Re1
Rag8 28. Re5 c6 29. Rxf5 Qg6 30. Rxd5 Qxd3 31. Re5 Qd2 32. Qc4 Qxf4 33. Qxc6
Rxg3+ 34. hxg3 Rxg3+ 35. Qg2 Rxg2+ 36. Kxg2 Qd2+ 37. Kf1 Qxc3 38. Re8+ Kg7 39.
d5 Qa5 40. Re7+ Kg6 41. Re6+ Kf5 42. Rd6 Qxa3 43. Rd8 Qe7 44. Rg8 Qd6 45. Rg2
Qxd5 46. Rf2+ Kg4 47. Rg2+ Qxg2+ 48. Kxg2 a5 49. Kf2 a4 50. Ke2 a3 51. Kd2 a2
52. Kc2 a1=Q 53. Kb3 Qc1 54. Kb4 Kf5 55. Kb5 Qc5+ 56. Ka4 Qc4+ 57. Ka3 Qb5 58.
Ka2 Ke4 59. Ka3 Kd3 60. Ka2 Kc2 61. Ka3 Qb3# 0-1

[Event "DEM U10 2011"]
[Site "Oberhof GER"]
[Date "2011.06.17"]
[Round "10"]
[White "Tong, Kevin"]
[Black "Renger, Niklas"]
[Result "1-0"]
[Termination "normal"]
[Board "11"]
[WhiteElo "1345"]
[BlackElo "1452"]
[PlyCount "75"]
[WhiteFideId "12913944"]
[BlackFideId "12908096"]
[EventCountry "GER"]
[EventRounds "11"]
[EventType "swiss"]
[EventDate "2011.06.11"]

1. e4 c5 2. Nf3 d6 3. d4 cxd4 4. Nxd4 Nf6 5. Nc3 g6 6. f4 Nc6 7. Nxc6 bxc6 8.
e5 Nd7 9. exd6 exd6 10. Qd4 Nf6 11. Be2 Be7 12. Be3 O-O 13. O-O-O d5 14. Qd2
Qa5 15. Rdg1 Bb4 16. Bf3 Rd8 17. Bd4 Ne4 18. Qd3 Bxc3 19. Bxc3 Qxa2 20. b3 Rb8
21. Rd1 Re8 22. Qd4 Nxc3 23. Qxc3 Bf5 24. Qb2 Qxb2+ 25. Kxb2 Be4 26. Bxe4 Rxe4
27. g3 Rbe8 28. Ra1 R8e7 29. Ra6 Rc7 30. Kc3 f5 31. Kd3 Kg7 32. Rha1 Kf6 33.
Rxa7 Rxa7 34. Rxa7 h5 35. Rc7 Re6 36. h4 Rd6 37. Kd4 Re6 38. c3 1-0

[Event "DEM U10 2011"]
[Site "Oberhof GER"]
[Date "2011.06.17"]
[Round "10"]
[White "Pajeken, Jakob Leon"]
[Black "Hoffmann, Fabian"]
[Result "1/2-1/2"]
[Termination "normal"]
[Board "12"]
[WhiteElo "915"]
[BlackElo "1424"]
[PlyCount "75"]
[WhiteFideId "12942839"]
[BlackFideId "12964891"]
[EventCountry "GER"]
[EventRounds "11"]
[EventType "swiss"]
[EventDate "2011.06.11"]

1. e4 e5 2. Nf3 Nc6 3. Bc4 Bc5 4. c3 Nf6 5. d4 exd4 6. e5 Ng4 7. cxd4 Bb4+ 8.
Nc3 d5 9. Bb3 Be6 10. O-O Qd7 11. Bg5 f6 12. exf6 Nxf6 13. Qe2 O-O 14. Rfe1
Rae8 15. Qc2 Bf5 16. Qd2 Ne4 17. Bxd5+ Qxd5 18. Nxd5 Bxd2 19. Bxd2 Nxd2 20.
Nxd2 Rd8 21. Nc3 Nxd4 22. Re7 Nc2 23. Rd1 Nb4 24. Nf3 Rxd1+ 25. Nxd1 Rd8 26.
Nc3 Kf8 27. Rxc7 Nxa2 28. h3 Nxc3 29. Rxc3 Rd3 30. Rc4 Kf7 31. Rc7+ Rd7 32. Rc3
Rd3 33. Rc7+ Rd7 34. Rc3 Kf6 35. Nh4 Rd5 36. Rf3 g5 37. Nxf5 Rxf5 38. Rb3
1/2-1/2

[Event "DEM U10 2011"]
[Site "Oberhof GER"]
[Date "2011.06.17"]
[Round "10"]
[White "Alekhanov, Jannis"]
[Black "Shoipov, Dennie"]
[Result "1-0"]
[Termination "normal"]
[Board "13"]
[WhiteElo "1398"]
[BlackElo "1336"]
[PlyCount "107"]
[WhiteFideId "12921238"]
[BlackFideId "14137755"]
[EventCountry "GER"]
[EventRounds "11"]
[EventType "swiss"]
[EventDate "2011.06.11"]

1. e4 e5 2. Bc4 Nc6 3. Nf3 Bc5 4. O-O d6 5. c3 Bg4 6. d3 Nf6 7. Nbd2 O-O 8. Bb3
Ne7 9. Re1 Ng6 10. h3 Bxf3 11. Nxf3 Re8 12. Ng5 Rf8 13. Be3 Bb6 14. Bxb6 axb6
15. Re3 h6 16. Nf3 Re8 17. Nh2 Nf4 18. Rg3 N6h5 19. Rf3 Nf6 20. Rg3 N6h5 21.
Re3 Nf6 22. Ng4 N6h5 23. Kh2 Rf8 24. g3 Ne6 25. Nxh6+ gxh6 26. Qxh5 Kh7 27.
Qf5+ Kg7 28. Bxe6 fxe6 29. Qg4+ Qg5 30. Qxg5+ hxg5 31. Kg2 Ra7 32. h4 gxh4 33.
gxh4 Kg6 34. Rf3 Rf4 35. Kg3 Rxf3+ 36. Kxf3 Ra8 37. a3 Kh6 38. Kg3 Rg8+ 39. Kh3
Rf8 40. Kg3 Kh5 41. Rh1 Rf4 42. f3 Rf6 43. Rh3 Rh6 44. d4 Rf6 45. dxe5 dxe5 46.
Kf2 Rf4 47. Ke3 Rf6 48. Kd3 Rf4 49. a4 Rxh4 50. Rxh4+ Kxh4 51. Ke2 Kg3 52. Ke3
Kg2 53. f4 Kg3 54. f5 1-0

[Event "DEM U10 2011"]
[Site "Oberhof GER"]
[Date "2011.06.17"]
[Round "10"]
[White "Piskaykin, Bogdan"]
[Black "Reuker, Jari"]
[Result "1/2-1/2"]
[Termination "normal"]
[Board "14"]
[WhiteElo "1329"]
[BlackElo "1647"]
[PlyCount "63"]
[WhiteFideId "12941212"]
[BlackFideId "12909300"]
[EventCountry "GER"]
[EventRounds "11"]
[EventType "swiss"]
[EventDate "2011.06.11"]

1. e4 c5 2. Nf3 Nc6 3. Nc3 e6 4. d4 cxd4 5. Nxd4 Nf6 6. Be3 Bb4 7. Bd3 d5 8.
Nxc6 bxc6 9. exd5 Nxd5 10. Bd2 O-O 11. a3 Ba5 12. b4 Bc7 13. Nxd5 cxd5 14. Qh5
g6 15. Qh6 Be5 16. Rd1 Bg7 17. Qe3 Bb7 18. h4 Qd6 19. h5 Qe5 20. Qxe5 Bxe5 21.
hxg6 fxg6 22. Bh6 Bc3+ 23. Bd2 Bd4 24. Be3 Bxe3 25. fxe3 Rac8 26. Rc1 Rc3 27.
a4 e5 28. Ke2 a6 29. b5 e4 30. Kd2 Ra3 31. bxa6 Ba8 32. Be2 1/2-1/2

[Event "DEM U10 2011"]
[Site "Oberhof GER"]
[Date "2011.06.17"]
[Round "10"]
[White "Zienert, Richard"]
[Black "Hoffmann, Jens"]
[Result "1-0"]
[Termination "normal"]
[Board "15"]
[WhiteElo "1374"]
[BlackElo "1327"]
[PlyCount "61"]
[WhiteFideId "12945986"]
[BlackFideId "12946320"]
[EventCountry "GER"]
[EventRounds "11"]
[EventType "swiss"]
[EventDate "2011.06.11"]

1. e4 e6 2. d4 d5 3. Nc3 c5 4. dxc5 d4 5. Nb5 Bxc5 6. Nf3 Nc6 7. Bf4 Kf8 8. Ng5
e5 9. Bd2 h6 10. Nf3 a6 11. Na3 Bg4 12. Nc4 b5 13. Na3 Bxf3 14. Qxf3 Qf6 15.
Qd3 Nb4 16. Qg3 Rd8 17. Bd3 Nxd3+ 18. cxd3 Bxa3 19. bxa3 Rc8 20. O-O h5 21.
Rac1 Rxc1 22. Rxc1 Qe6 23. Rc5 Ne7 24. Bb4 Kg8 25. Rxe5 Qxa2 26. h3 Ng6 27.
Re8+ Kh7 28. Rxh8+ Kxh8 29. Qd6 Qb1+ 30. Kh2 Ne5 31. Qxe5 1-0

[Event "DEM U10 2011"]
[Site "Oberhof GER"]
[Date "2011.06.17"]
[Round "10"]
[White "Ott, Josef Sebastian"]
[Black "Muckle, Julius"]
[Result "1/2-1/2"]
[Termination "normal"]
[Board "16"]
[WhiteElo "1327"]
[BlackElo "1357"]
[PlyCount "88"]
[WhiteFideId "12952079"]
[BlackFideId "12942430"]
[EventCountry "GER"]
[EventRounds "11"]
[EventType "swiss"]
[EventDate "2011.06.11"]

1. e4 e5 2. Nf3 Nc6 3. Bc4 Bc5 4. c3 a6 5. d3 d6 6. Bb3 Nf6 7. O-O O-O 8. Nbd2
Bd7 9. h3 h6 10. Re1 Re8 11. Nf1 b5 12. a3 Ba7 13. Ng3 Na5 14. Ba2 Bc6 15. b4
Nb7 16. Nf5 Bd7 17. N3h4 Nh7 18. Qf3 Ng5 19. Qg3 Be6 20. Bxg5 Qxg5 21. Qxg5
hxg5 22. Nf3 Bxa2 23. Rxa2 f6 24. a4 g6 25. Ng3 c5 26. axb5 cxb4 27. cxb4 a5
28. Kf1 Bb6 29. Rea1 Ra7 30. bxa5 Nxa5 31. Nd2 Rea8 32. Nc4 Nxc4 33. Rxa7 Nd2+
34. Ke2 Rxa7 35. Rxa7 Bxa7 36. Kxd2 Bxf2 37. Ne2 Kf7 38. Nc3 Ke6 39. Nd5 f5 40.
Ke2 Bc5 41. Kf3 Bd4 42. Nc7+ Kd7 43. Nd5 Ke6 44. Kg3 Bc5 1/2-1/2

[Event "DEM U10 2011"]
[Site "Oberhof GER"]
[Date "2011.06.17"]
[Round "10"]
[White "Schneider, Jana"]
[Black "Schnabel, Bennett"]
[Result "0-1"]
[Termination "normal"]
[Board "17"]
[WhiteElo "1347"]
[BlackElo "1289"]
[PlyCount "80"]
[WhiteFideId "12924997"]
[BlackFideId "12943290"]
[EventCountry "GER"]
[EventRounds "11"]
[EventType "swiss"]
[EventDate "2011.06.11"]

1. e4 e6 2. d4 d5 3. exd5 exd5 4. Bd3 Bd6 5. Qf3 Nc6 6. c3 Nf6 7. h3 O-O 8. Ne2
Re8 9. Bg5 Be7 10. Nd2 Be6 11. O-O-O a5 12. Nf4 Qd6 13. Nxe6 Qxe6 14. Bf5 Qd6
15. Bxf6 Bxf6 16. Rhe1 b5 17. Qd3 g6 18. Bg4 b4 19. Rxe8+ Rxe8 20. Rf1 bxc3 21.
Qxc3 Bxd4 22. Qb3 Rb8 23. Qc2 Rxb2 24. Qxb2 Bxb2+ 25. Kxb2 Qb4+ 26. Kc1 Qc3+
27. Kd1 Nd4 28. Re1 Qa1+ 29. Nb1 Qxb1+ 30. Kd2 Qb2+ 31. Kd3 c5 32. Re8+ Kg7 33.
Rc8 Qc2+ 34. Ke3 Qe4+ 35. Kd2 c4 36. Bf3 Qd3+ 37. Ke1 c3 38. Rb8 Qd2+ 39. Kf1
Qc1+ 40. Bd1 Qxd1# 0-1

[Event "DEM U10 2011"]
[Site "Oberhof GER"]
[Date "2011.06.17"]
[Round "10"]
[White "Wong, Gengchun"]
[Black "Shen, Julian"]
[Result "1/2-1/2"]
[Termination "normal"]
[Board "18"]
[WhiteElo "1337"]
[BlackElo "1273"]
[PlyCount "102"]
[WhiteFideId "12963283"]
[BlackFideId "12942898"]
[EventCountry "GER"]
[EventRounds "11"]
[EventType "swiss"]
[EventDate "2011.06.11"]

1. e4 d5 2. exd5 Qxd5 3. Nc3 Qd6 4. d4 c6 5. Nf3 Nf6 6. Bc4 Bg4 7. Be3 e6 8. h3
Bh5 9. g4 Bg6 10. Ne5 Nbd7 11. f4 Qc7 12. Qd2 Bd6 13. O-O-O O-O-O 14. Qf2 h6
15. f5 exf5 16. gxf5 Bh5 17. Rdg1 Bxe5 18. dxe5 Nxe5 19. Bb3 Rhg8 20. Bxa7 Nfd7
21. Na4 Rde8 22. Nb6+ Nxb6 23. Bxb6 Qd7 24. Re1 Nf3 25. Rxe8+ Rxe8 26. Rd1 Qxf5
27. Qg3 Qg5+ 28. Qxg5 Nxg5 29. Rh1 Nf3 30. Kd1 Nd4+ 31. Kd2 Nxb3+ 32. axb3 Kd7
33. Bd4 g6 34. Bg7 Re6 35. Bxh6 Rd6+ 36. Kc3 Rd1 37. Rxd1+ Bxd1 38. Kd2 Bh5 39.
b4 Ke6 40. Ke3 Kd5 41. Kd3 b5 42. b3 c5 43. c4+ Kc6 44. cxb5+ Kxb5 45. bxc5
Kxc5 46. Kc3 Kb5 47. b4 f5 48. Kb3 Bf3 49. Kc3 Bh5 50. Kb3 Bf3 51. Kc3 Bh5
1/2-1/2

[Event "DEM U10 2011"]
[Site "Oberhof GER"]
[Date "2011.06.17"]
[Round "10"]
[White "Petersen, Marcel"]
[Black "Adler, Jakob"]
[Result "1/2-1/2"]
[Termination "normal"]
[Board "19"]
[WhiteElo "1330"]
[BlackElo "1111"]
[PlyCount "79"]
[WhiteFideId "12935670"]
[EventCountry "GER"]
[EventRounds "11"]
[EventType "swiss"]
[EventDate "2011.06.11"]

1. e4 c5 2. Nf3 d6 3. d4 cxd4 4. Nxd4 Nf6 5. Nc3 a6 6. Be2 e5 7. Nb3 Be7 8. Bg5
O-O 9. Qd2 Be6 10. Rd1 Nbd7 11. O-O Qc7 12. Bxf6 Nxf6 13. f4 Qc6 14. Qd3 Rac8
15. f5 Bd7 16. Kh1 b5 17. a3 h6 18. Rd2 Rb8 19. Na2 Nxe4 20. Na5 Qb6 21. Qxe4
Qxa5 22. Nb4 f6 23. Rdd1 Qb6 24. Nd5 Qd8 25. Qb4 Rc8 26. Qb3 Kh8 27. Rd3 Bc6
28. Nxe7 Qxe7 29. Rh3 Kh7 30. Bh5 Be8 31. Rff3 Bxh5 32. Rxh5 g5 33. fxg6+ Kg7
34. Rfh3 Rh8 35. Qd3 Rcd8 36. Qd2 Kxg6 37. Rxh6+ Rxh6 38. Rxh6+ Kg7 39. Qe3 Qc7
40. c3 1/2-1/2

[Event "DEM U10 2011"]
[Site "Oberhof GER"]
[Date "2011.06.17"]
[Round "10"]
[White "Poetsch, Leonore"]
[Black "Niemann, Alexander"]
[Result "0-1"]
[Termination "normal"]
[Board "20"]
[WhiteElo "966"]
[BlackElo "1311"]
[PlyCount "84"]
[WhiteFideId "12940372"]
[BlackFideId "12939862"]
[EventCountry "GER"]
[EventRounds "11"]
[EventType "swiss"]
[EventDate "2011.06.11"]

1. e4 e5 2. Bc4 Nc6 3. Nf3 Bc5 4. c3 Nf6 5. d4 exd4 6. cxd4 Bb4+ 7. Bd2 Bxd2+
8. Nbxd2 d6 9. d5 Ne5 10. Nxe5 dxe5 11. O-O O-O 12. Qc2 Bd7 13. Nf3 Re8 14.
Rfe1 Bg4 15. Nd2 Rc8 16. f3 Bh5 17. Rad1 c6 18. dxc6 Qb6+ 19. Kh1 Qxc6 20. Qb3
a6 21. Be2 Bg6 22. Nf1 Red8 23. Ng3 Nh5 24. Nxh5 Bxh5 25. Rxd8+ Rxd8 26. Rd1
Rxd1+ 27. Qxd1 h6 28. Kg1 Qb6+ 29. Kf1 Qxb2 30. Bc4 Qb6 31. Bb3 Qf6 32. Kg1 Qg5
33. Bd5 b6 34. Qb3 Qc1+ 35. Kf2 Qd2+ 36. Kf1 Qc1+ 37. Kf2 Qc5+ 38. Kf1 Kf8 39.
Bc4 a5 40. Bd5 f6 41. Be6 Be8 42. Qd3 Bb5 0-1

[Event "DEM U10 2011"]
[Site "Oberhof GER"]
[Date "2011.06.17"]
[Round "10"]
[White "Bachmann, Jonas"]
[Black "Demme, Miriam"]
[Result "1-0"]
[Termination "normal"]
[Board "21"]
[WhiteElo "1396"]
[BlackElo "1086"]
[PlyCount "91"]
[WhiteFideId "12922919"]
[BlackFideId "12966703"]
[EventCountry "GER"]
[EventRounds "11"]
[EventType "swiss"]
[EventDate "2011.06.11"]

1. e4 c5 2. Nf3 Nc6 3. d4 cxd4 4. Nxd4 Nf6 5. Nc3 g6 6. f3 Bg7 7. Be3 O-O 8.
Qd2 d5 9. Bd3 dxe4 10. Bxe4 Nxe4 11. Nxc6 Qxd2+ 12. Bxd2 Nxd2 13. Nxe7+ Kh8 14.
Kxd2 Bh6+ 15. Kd1 Bd7 16. Ned5 Rad8 17. Ke1 Bc6 18. Rd1 Bg7 19. Nb4 Rfe8+ 20.
Kf2 Bd4+ 21. Kg3 Re5 22. Nxc6 bxc6 23. Ne4 f5 24. Ng5 f4+ 25. Kxf4 Rf8+ 26. Kg4
Be3 27. Ne4 h5+ 28. Kg3 g5 29. h4 Rg8 30. hxg5 Bxg5 31. Nxg5 Rgxg5+ 32. Kf2 Re6
33. Rde1 Reg6 34. g4 Kg7 35. Rxh5 Rxh5 36. gxh5 Rh6 37. Re7+ Kf6 38. Rxa7 Rxh5
39. a4 Rh2+ 40. Ke3 Rxc2 41. b4 Rb2 42. Rb7 Ke5 43. b5 cxb5 44. Rxb5+ Rxb5 45.
axb5 Kd6 46. Kd4 1-0

[Event "DEM U10 2011"]
[Site "Oberhof GER"]
[Date "2011.06.17"]
[Round "10"]
[White "Sanati, Charlotte"]
[Black "ter Stal, Sven"]
[Result "1-0"]
[Termination "normal"]
[Board "24"]
[WhiteElo "1284"]
[BlackElo "1056"]
[PlyCount "61"]
[WhiteFideId "12907707"]
[BlackFideId "12946443"]
[EventCountry "GER"]
[EventRounds "11"]
[EventType "swiss"]
[EventDate "2011.06.11"]

1. e4 c5 2. Ne2 Nc6 3. Nbc3 g6 4. g3 Bg7 5. Bg2 Nf6 6. d3 O-O 7. O-O d6 8. h3
Be6 9. Be3 Qd7 10. Kh2 Ne5 11. f4 Nc6 12. d4 cxd4 13. Nxd4 Nxd4 14. Bxd4 a6 15.
b3 Rac8 16. Na4 Rc6 17. e5 Nd5 18. c4 Nc7 19. Nb6 Rxb6 20. Bxb6 f6 21. Bxc7
Qxc7 22. exd6 exd6 23. Bd5 Qf7 24. Bxe6 Qxe6 25. Qd5 Qxd5 26. cxd5 f5 27. Rac1
Re8 28. Rfe1 Kf7 29. Rc7+ Kf6 30. Rxe8 b6 31. Re6# 1-0

[Event "DEM U10 2011"]
[Site "Oberhof GER"]
[Date "2011.06.17"]
[Round "10"]
[White "Zieschank, Leon"]
[Black "Schmidt, Sarah"]
[Result "1-0"]
[Termination "normal"]
[Board "25"]
[WhiteElo "1236"]
[BlackElo "1032"]
[PlyCount "137"]
[BlackFideId "12965480"]
[EventCountry "GER"]
[EventRounds "11"]
[EventType "swiss"]
[EventDate "2011.06.11"]

1. e4 e5 2. Nf3 Nc6 3. Bc4 Nf6 4. Nc3 Nxe4 5. Nxe4 d5 6. Bxd5 Qxd5 7. Nc3 Qd8
8. d3 Bb4 9. Bd2 O-O 10. h3 Re8 11. O-O Bf5 12. Re1 Bxc3 13. Bxc3 e4 14. dxe4
Bxe4 15. Nd2 Bd5 16. Qg4 Rxe1+ 17. Rxe1 f6 18. a3 Qf8 19. Kf1 f5 20. Qg3 f4 21.
Qg5 h6 22. Qxd5+ Kh8 23. Qf3 Rd8 24. Rd1 a6 25. Nb3 Rxd1+ 26. Qxd1 b5 27. Qf3
Ne7 28. Bb4 Qf7 29. Qa8+ Kh7 30. Qe4+ Ng6 31. h4 h5 32. Qd3 c6 33. Nd2 Kh6 34.
Nf3 Qf6 35. Bc3 Qe7 36. Bd2 Qf6 37. c3 Qf7 38. Qe4 Qf6 39. g3 c5 40. Bxf4+ Nxf4
41. Qxf4+ Qxf4 42. gxf4 Kg6 43. Ke2 Kf5 44. Ke3 Kg4 45. Ke4 g6 46. Ke3 Kf5 47.
Ng1 a5 48. Kf3 Kf6 49. Ke4 Ke6 50. Nf3 Kf6 51. Ng5 Ke7 52. Kd5 Kf6 53. Kxc5 Kf5
54. Kxb5 Kxf4 55. c4 Kg4 56. c5 Kxh4 57. c6 Kxg5 58. c7 h4 59. c8=Q Kf4 60. Qh3
g5 61. Kxa5 Ke5 62. b4 Kf4 63. b5 Ke5 64. b6 Kf4 65. b7 Ke4 66. b8=Q Kd5 67.
Qd3+ Ke6 68. Qe8+ Kf6 69. Qdg6# 1-0

[Event "DEM U10 2011"]
[Site "Oberhof GER"]
[Date "2011.06.17"]
[Round "10"]
[White "Stobbe, Frederik"]
[Black "Rosenhain, Rachela"]
[Result "1/2-1/2"]
[Termination "normal"]
[Board "26"]
[WhiteElo "1105"]
[BlackElo "1190"]
[PlyCount "111"]
[BlackFideId "12957615"]
[EventCountry "GER"]
[EventRounds "11"]
[EventType "swiss"]
[EventDate "2011.06.11"]

1. e4 c5 2. d4 cxd4 3. c3 Nf6 4. e5 Nd5 5. cxd4 Nc6 6. Nf3 d6 7. Be2 Bf5 8. O-O
dxe5 9. Nxe5 e6 10. Bb5 Qc7 11. Qa4 Rc8 12. Qxa7 Bd6 13. Bxc6+ bxc6 14. Qxc7
Rxc7 15. Nc3 O-O 16. Nxd5 cxd5 17. Bf4 Bxe5 18. Bxe5 Rc2 19. b3 Rfc8 20. Bf4
Ra8 21. Rfc1 h6 22. Rxc2 Bxc2 23. b4 Bd3 24. a4 Bb5 25. a5 Kh7 26. Rc1 Ba6 27.
h3 g5 28. Bd6 Kg6 29. Rc5 Bc4 30. Rc6 Ra6 31. Rxa6 Bxa6 32. f3 Kf5 33. g4+ Kg6
34. Kf2 f5 35. Ke3 h5 36. Kd2 Bb5 37. Kc2 fxg4 38. fxg4 hxg4 39. hxg4 Kf7 40.
Kb3 Ke8 41. a6 Bxa6 42. Ka4 Kd7 43. Be5 Kc6 44. Bf6 Be2 45. Bxg5 Bxg4 46. Ka5
Be2 47. Ka4 Kd6 48. Bf4+ Kc6 49. Be5 Bf1 50. Kb3 Kb5 51. Kc3 Be2 52. Kd2 Bf1
53. Ke3 Kxb4 54. Kf4 Bd3 55. Kg5 Bf5 56. Kf6 1/2-1/2

[Event "DEM U10 2011"]
[Site "Oberhof GER"]
[Date "2011.06.17"]
[Round "10"]
[White "Fromm, Katja"]
[Black "Santos, Leonardo"]
[Result "1-0"]
[Termination "normal"]
[Board "27"]
[WhiteElo "1401"]
[BlackElo "1100"]
[PlyCount "143"]
[WhiteFideId "12929409"]
[BlackFideId "12965049"]
[EventCountry "GER"]
[EventRounds "11"]
[EventType "swiss"]
[EventDate "2011.06.11"]

1. d4 d5 2. c4 e6 3. Nc3 Nf6 4. Bg5 Nbd7 5. e3 Be7 6. Nf3 O-O 7. Be2 b6 8. O-O
Bb7 9. Rc1 c5 10. cxd5 exd5 11. Qd2 h6 12. Bh4 Rc8 13. Bg3 Re8 14. Rc2 a6 15.
Rfc1 Nf8 16. Qd1 Bd6 17. Bxd6 Qxd6 18. h3 Ng6 19. Bd3 Ne4 20. Ne2 Rc7 21. Bxe4
dxe4 22. Nd2 Rec8 23. Nb3 c4 24. Nd2 b5 25. b3 Bd5 26. bxc4 bxc4 27. Nc3 Qd7
28. Ndxe4 Bxe4 29. Nxe4 Qd5 30. Nc5 Nh4 31. Qg4 g5 32. Qe4 Rxc5 33. Qxd5 Rxd5
34. g3 Ng6 35. Rxc4 Rxc4 36. Rxc4 f5 37. Rc6 Kf7 38. Rxa6 f4 39. a4 fxe3 40.
fxe3 Nf8 41. a5 Ke7 42. Ra7+ Nd7 43. Ra6 Nb8 44. Rxh6 Rxa5 45. Kf2 Nd7 46. Kf3
Nf6 47. Rh8 Rf5+ 48. Ke2 Ne4 49. g4 Ng3+ 50. Kd3 Ra5 51. h4 Kf6 52. h5 Kg7 53.
Rc8 Ra6 54. d5 Rd6 55. e4 Rh6 56. e5 Kf7 57. Rc7+ Ke8 58. Rg7 Kf8 59. Rxg5 Kf7
60. e6+ Ke7 61. Rg7+ Kf8 62. Rf7+ Ke8 63. Kd4 Kd8 64. Ke5 Ke8 65. d6 Ne2 66.
d7+ Kd8 67. Rf8+ Kc7 68. d8=Q+ Kc6 69. Qd5+ Kc7 70. Rf7+ Kb6 71. Rb7+ Ka6 72.
Qb5# 1-0